| 000 | 01521nam a22002417a 4500 | ||
|---|---|---|---|
| 999 |
_c62864 _d62864 |
||
| 003 | Ge_BSU | ||
| 005 | 20250311170814.0 | ||
| 008 | 250311s1992 ge |||||s|||| 00| 0 geo d | ||
| 041 | _ageo | ||
| 080 | _a611 კ-36 | ||
| 100 |
_aკაციტაძე, ზურაბ _924520 |
||
| 245 |
_aადამიანის ანატომია : _b საჭმლის მონელების სისტემა. სასუნთქი სისტემა. სასქესო სისტემა. გამოყოფის სისტემა. ენდოკრინული სისტემა. იმუნური უზრუნველყოფის სისტემა / _cზურაბ კაციტაძე. |
||
| 264 |
_aთბ. : _bმედიცინა, _c[1992]. |
||
| 300 |
_a208 გვ. ; _b 22 სმ. |
||
| 653 | _aადამიანის ანატომია | ||
| 653 | _aმედიცინა | ||
| 653 | _aსაჭმლის მონელების სისტემის ანატომია | ||
| 653 | _aსასუნთქი სისტემის ანატომია | ||
| 653 | _aსასქესო სისტემის ანატომია | ||
| 653 | _aენდოკრინული სისტემის ანატომია. | ||
| 653 | _aიმუნური უზრუნველყოფის სისტემის ანატომია | ||
| 942 |
_2udc _cᲬᲘᲒᲜᲘ |
||